| 000 | 00356nam a2200133Ia 4500 | ||
|---|---|---|---|
| 005 | 20260326100046.0 | ||
| 008 | 260326s9999||||xx |||||||||||||| ||und|| | ||
| 100 | _aEkambi-Schmidt, Jezabelle | ||
| 245 | 0 |
_aLa percepción del habitat / _cJezabelle Ekambi-Schmidt |
|
| 260 | _bGustavo Gili | ||
| 300 | _a166 p. | ||
| 650 | _aARQUITECTURA-GENERAL | ||
| 942 | _cBK | ||
| 999 |
_c7215 _d7215 |
||